How the world thinks: (Record no. 11539)
[ view plain ]
| 000 -LEADER | |
|---|---|
| fixed length control field | 00956nam a22001697a 4500 |
| 020 ## - INTERNATIONAL STANDARD BOOK NUMBER | |
| ISBN | 9781783782307 |
| 082 ## - DEWEY DECIMAL CLASSIFICATION NUMBER | |
| Classification number | 109BAG |
| 100 ## - MAIN ENTRY--AUTHOR NAME | |
| Personal name | Baggini, Julian |
| 245 ## - TITLE STATEMENT | |
| Title | How the world thinks: |
| Sub Title | a global history of philosophy |
| 260 ## - PUBLICATION, DISTRIBUTION, ETC. (IMPRINT) | |
| Place of publication | London |
| Name of publisher | Granta Books |
| Year of publication | 2018 |
| 300 ## - PHYSICAL DESCRIPTION | |
| Number of Pages | xxxiii, 398p. |
| 504 ## - BIBLIOGRAPHY, ETC. NOTE | |
| Bibliography, etc | Includes bibliographical references and index |
| 520 ## - SUMMARY, ETC. | |
| Summary, etc | Julian Baggini sets out to expand our horizons in How the World Thinks, exploring the philosophies of Japan, India, China and the Muslim world, as well as the lesser-known oral traditions of Africa and Australia's first peoples. Interviewing thinkers from around the globe, Baggini asks questions such as: why is the West is more individualistic than the East? What makes secularism a less powerful force in the Islamic world than in Europe? And how has China resisted pressures for greater political freedom? |
| 650 ## - SUBJECT ADDED ENTRY--TOPICAL TERM | |
| Topical Term | Philosophy--History |
| 942 ## - ADDED ENTRY ELEMENTS (KOHA) | |
| Koha item type | Book |
| Withdrawn status | Lost status | Damaged status | Not for loan | Permanent Location | Current Location | Shelving location | Date acquired | Cost, normal purchase price | Full call number | Accession Number | Price effective from | Koha item type |
|---|---|---|---|---|---|---|---|---|---|---|---|---|
| UONGOZI Institute Resources Centre - Dar es Salaam | UONGOZI Institute Resources Centre - Dar es Salaam | Philosophy | 06/19/2026 | 25994.00 | 109BAG | UR010557 | 07/01/2026 | Book | ||||
| UONGOZI Institute Resources Centre - Dar es Salaam | UONGOZI Institute Resources Centre - Dar es Salaam | Philosophy | 06/19/2026 | 25994.00 | 109BAG | UR010558 | 07/01/2026 | Book | ||||
| UONGOZI Institute Resources Centre - Dodoma | UONGOZI Institute Resources Centre - Dodoma | Philosophy | 06/19/2026 | 109BAG | URD003155 | 06/19/2026 | Book | |||||
| UONGOZI Institute Resources Centre - Dodoma | UONGOZI Institute Resources Centre - Dodoma | Philosophy | 06/19/2026 | 109BAG | URD00300 | 06/19/2026 | Book |
